000
00438nam a22001337a 4500
003
SGT
020
_a
9789355211453
082
_a
891.4309
_b
A22M
100
_a
मिश्र, कलराज
245
_a
अप्प दीपो भव : शिक्षा की भारतीय संस्कृति पर एकाग्र
260
_b
प्रभात प्रकाशन
_c
2022
300
_a
224
942
_2
ddc
_c
BK
999
_c
29828
_d
29828